| 000 | 00568nam a2200229Ia 4500 | ||
|---|---|---|---|
| 005 | 20250425161618.0 | ||
| 008 | 250425s9999 xx 000 0 und d | ||
| 041 | _aeng | ||
| 082 | _a621.89 | ||
| 100 | _aOCONNOR, JAMES J. | ||
| 245 | 0 | _aSTANDARS HANDBOOK OF LUBRICATION ENGINEERING | |
| 250 | _aS.E. | ||
| 260 |
_aEstados Unidos _bMCGRAW HILL BOOK _c1968 |
||
| 260 | _aNEW YORK | ||
| 300 | _a1028 | ||
| 650 | _aLUBRICANTES | ||
| 650 | _aLUBRICANTES-MANUALES | ||
| 650 | _aPLAN DE LUBRICACION | ||
| 700 | _aBOYD, JOHN | ||
| 942 | _c01 | ||
| 010 | _a24247 | ||
| 999 |
_c212582 _d212582 |
||